00317nam a2200109 a 450000500170000000800410001702000180005805000270007624500580010326000370016130000090019820140412111304.0110408s19uu xx 00 eng d a962-00-1237-2 aTR(GS 420.7bGo63 1985 aGogo's adventures with English :bPicture dictionary. aHongkong :bLongman Asia,c1995. aunp.